01282nas a2200217 i 4500001001000000003001000010005001700020008004100037040003000078041000800108100002800116245008700144300005700231520053000288650004300818700002400861773014700885942000801032945000701040999001701047768714001CO-MdFUSB20240826073031.0220907s1988 ck ||||| |||| 00| 0 spa d bspacCO-MdFUSBdCO-MdFUSB aspa aGalvis, Martha, eautor14aLos Guajiros :buna comunidad que pierde su identidad?c/ Marha Galvis , Lina Mora aVolumen 65, (enero, 1988) páginas: 9 - 68c; 23 cm aEl siguiente artículo estudia aspectos de la comunidad Guajira. Se analiza de esta comunidad, sus prácticas culturales, los valores que orientan su acción y las particulares condiciones de su estilo de vida. Los temas son: Capítulo I Marco geográfico -- Capitulo II Historia -- Capitulo III Economía -- Capitulo IV Organización social -- Capítulo V Creencias y practicas mágico religiosas -- Capítulo VI Leyes guajiras -- capitulo VII Cocina, vestido e instrumental guajiro -- Capitulo VIII Mitología. 796714aAntropología cultural y social aMora, Lina, eautor0 049438960122dCentro Antropológico ColombianooR0368tEthniaw(CO-MdFUSB)768714001gVolumen 65, (enero, 1988) páginas: 9 - 68qpágina: 9 cANA aAF c68120d68120